Movies Quiz

Random Movies or Flags Quiz

Movie Posters with the American Flag Quiz Stats

 Plays Quiz Updated Jul 4, 2017

Support Sporcle.
Go Orange.
Score 0/15 Timer 04:00
2 Plays Today
Movies % Correct
Rocky IV
92.7%
A Few Good Men
82.4%
Patton
80.8%
W.
76.5%
American Sniper
76.1%
Tootsie
75%
JFK
70.3%
Born on the Fourth of July
63.9%
Movies % Correct
Dr. Strangelove or: How I Learned to Stop Worrying and Love the Bomb
50.3%
Olympus Has Fallen
44.7%
Flags of Our Fathers
42.8%
The People vs. Larry Flynt
40.1%
Pain & Gain
24.5%
The Purge: Anarchy
23.2%
The Last Castle
13.6%

You're not logged in!

Compare scores with friends on all Sporcle quizzes.
OR
Log In
Forgot?

From the Vault

Finish the Famous Slogan II

by lolshortee

When you think about it, slogans really do just turn us into walking advertisements.
Remove Ads.
Support Sporcle.
Get the best of Sporcle when you Go Orange. This ad-free experience offers more features, more stats, and more fun while also helping to support Sporcle. Thank you for becoming a member.

Show Comments

Extras

Top Quizzes Today


Score Distribution

Your Account Isn't Verified!

In order to create a playlist on Sporcle, you need to verify the email address you used during registration. Go to your Sporcle Settings to finish the process.

Report this User

Report this user for behavior that violates our Community Guidelines.

Details: